LEADER 02551nam0 2200541 i 450 001 VAN0123545 005 20230703093532.855 017 70$2N$a9783319599762 100 $a20190924d2017 |0itac50 ba 101 $aeng 102 $aCH 105 $a|||| ||||| 200 1 $aAdvanced Data Analysis in Neuroscience$eIntegrating Statistical and Computational Models$fDaniel Durstewitz 210 $aCham$cSpringer$d2017 215 $axxv, 292 p.$cill.$d24 cm 410 1$1001VAN0123546$12001 $aBernstein Series in Computational Neuroscience$1210 $aBerlin [etc.]$cSpringer 500 1$3VAN0235346$aAdvanced Data Analysis in Neuroscience : Integrating Statistical and Computational Models$92493944 606 $a92C20$xNeural biology [MSC 2020]$3VANC020365$2MF 606 $a62R07$xStatistical aspects of big data and data science [MSC 2020]$3VANC026514$2MF 606 $a68T09$xComputational aspects of data analysis and big data [MSC 2020]$3VANC035916$2MF 610 $aBootstrap methods$9KW:K 610 $aChange point analysis$9KW:K 610 $aClustering$9KW:K 610 $aDimensionality reduction$9KW:K 610 $aMachine learning$9KW:K 610 $aMultiple testing$9KW:K 610 $aMultivariate maps and recurrent neural networks$9KW:K 610 $aMultivariate statistics$9KW:K 610 $aNeural time series$9KW:K 610 $aNonlinear dynamical systems$9KW:K 610 $aNonlinear oscillations$9KW:K 610 $aNonparametric time series modeling$9KW:K 610 $aPrincipal component analysis$9KW:K 610 $aReconstructing state spaces from experimental data$9KW:K 610 $aStatistical methods in neuroscience$9KW:K 610 $aStatistical parameter estimation$9KW:K 610 $aUnsupervised clustering$9KW:K 620 $aCH$dCham$3VANL001889 700 1$aDurstewitz$bDaniel$3VANV095000$0767170 712 $aSpringer $3VANV108073$4650 801 $aIT$bSOL$c20240614$gRICA 856 4 $uhttp://doi.org/10.1007/978-3-319-59976-2$zE-book ? Accesso al full-text attraverso riconoscimento IP di Ateneo, proxy e/o Shibboleth 899 $aBIBLIOTECA DEL DIPARTIMENTO DI MATEMATICA E FISICA$1IT-CE0120$2VAN08 912 $fN 912 $aVAN0123545 950 $aBIBLIOTECA DEL DIPARTIMENTO DI MATEMATICA E FISICA$d08CONS e-book 0523 $e08eMF523 20190924 996 $aAdvanced Data Analysis in Neuroscience : Integrating Statistical and Computational Models$92493944 997 $aUNICAMPANIA LEADER 01528nam2 2200337 i 450 001 VAN00014717 005 20240806100300.198 020 $aIT$b80 10566 100 $a20031216d1959 |0itac50 ba 101 $aita 102 $aIT 105 $a|||| ||||| 200 1 $aˆ1: L'‰Europa senza pace$aLa decadenza dell'Europa ; La tragedia dell'Europa$fFrancesco Saverio Nitti$ga cura di Maria Sandirocco$gprefazione di Oreste Ferrara 210 $aBari$cLaterza$d1959 215 $aXL, 722 p.$d22 cm. 410 1$1001VAN00008298$12001 $aEdizione nazionale delle opere di Francesco Saverio Nitti$1210 $aBari$cLaterza$d1958-.$v10 461 1$1001VAN00014489$12001 $aScritti politici$fFrancesco Saverio Nitti$1210 $aBari$cLaterza$d1959$1215 $avolumi$d22 cm.$v1 606 $aItalia$xPolitica$x1888-1938$3VANC007622$2FI 620 $dBari$3VANL000009 676 $a945.9$v21 700 1$aNitti$bFrancesco Saverio$f1868-1953$3VANV010545$035791 702 1$aFerrara$bOreste$3VANV010698 702 1$aSandirocco$bMaria$3VANV010697 712 $aLaterza $3VANV107871$4650 801 $aIT$bSOL$c20240906$gRICA 899 $aBIBLIOTECA DEL DIPARTIMENTO DI GIURISPRUDENZA$1IT-CE0105$2VAN00 912 $aVAN00014717 950 $aBIBLIOTECA DEL DIPARTIMENTO DI GIURISPRUDENZA$d00CONS XXI.Fb.1 (1) $e00 8624 20031216 996 $aLa decadenza dell'Europa ; La tragedia dell'Europa$94208053 996 $aEuropa senza pace$969415 997 $aUNICAMPANIA